000
00482nam a2200181Ia 4500
008
090124s9999 xx 000 0 und d
082
_b
123457
100
_a
परदेशी दिलीप
245
_a
निष्पाप
250
_a
1
260
_c
1989
300
_a
73
600
_a
परदेशी दिलीप
630
_a
निष्पाप
700
_a
परदेशी दिलीप
730
_a
निष्पाप
942
_c
BOOK
999
_c
169543
_d
169543